Round-up 4 : english grammar practice /

Guardado en:
Autor Principal: Evans, Virginia
Formato: Libro
Publicado: Harlow : Longman, 1995
Materias:
Etiquetas: Agregar Etiqueta
Sin Etiquetas, Sea el primero en etiquetar este registro!
LEADER 00543nam a22001935a 4500
001 CEM.cems009750
005 20080718122117.0
008 130507s1995##################000#0#####d
003 CEMS
020 |a 0582256224 
082 0 4 |a 428.64 
100 1 |a Evans, Virginia 
245 1 0 |a Round-up 4 :  |b english grammar practice /  |c Virginia Evans 
260 |a Harlow :  |b Longman,  |c 1995 
300 |a 144 p. 
653 |a Inglés 
653 |a Inglés-gramática 
653 |a Inglés-textos 
859 |a CEMS  |b BIB. CEMS - 11 de abril  |h 428.64  |i Ev16  |p 20040.98  |t Ej.1  |v 4  |3 4